|
|
|
|
| LEADER |
01259cam a22003374a 4500 |
| 001 |
16583066 |
| 003 |
BD-DhAAL |
| 005 |
20130713134709.0 |
| 008 |
130713s2012 cou b 001 0 eng |
| 010 |
|
|
|a 2010051934
|
| 020 |
|
|
|a 9781588267627 (hardcover)
|a 9788130920153
|
| 040 |
|
|
|a DLC
|c DLC
|d DLC
|d BD-DhAAL
|
| 050 |
0 |
0 |
|a JV6033
|b .M563 2011
|
| 082 |
0 |
0 |
|a 304.8
|2 22
|
| 999 |
|
|
|c 13680
|d 13680
|
| 999 |
|
|
|c 13680
|
| 999 |
|
|
|c 13680
|
| 999 |
|
|
|c 13680
|
| 245 |
0 |
0 |
|a Migration in the global political economy /
|c edited by Nicola Phillips.
|
| 260 |
|
|
|a Boulder, Colo. ;
|a New Delhi :
|b Lynne Rienner Publishers ;
|b Viva Books,
|c 2012.
|
| 300 |
|
|
|a vi, 338 p. ;
|c 24 cm.
|
| 490 |
0 |
|
|a International political economy yearbook series ;
|v v. 17
|
| 504 |
|
|
|a Includes bibliographical references and index.
|
| 541 |
|
|
|e 27226
|
| 650 |
|
0 |
|a Emigration and immigration
|x Economic aspects.
|9 2285
|
| 650 |
|
0 |
|a Emigration and immigration
|x Social aspects.
|9 2286
|
| 650 |
|
0 |
|a Globalization.
|9 2287
|
| 650 |
|
0 |
|a Capitalism.
|9 2187
|
| 700 |
1 |
|
|a Phillips, Nicola,
|d 1971-
|9 2288
|
| 942 |
|
|
|2 ddc
|c BK
|
| 952 |
|
|
|0 0
|1 0
|2 ddc
|4 0
|6 304_800000000000000_MIG
|7 0
|9 22913
|a IGS
|b IGS
|c GEN
|d 2013-07-13
|e Riza Enterprise
|g 2160.00
|l 0
|o 304.8 MIG
|p 3010027226
|r 2013-07-13
|t 1
|w 2013-07-13
|y BK
|